Načítá se...
Industrial waste water and wastes-2 /
| Další autoři: | |
|---|---|
| Médium: | Printed Book |
| Jazyk: | English |
| Vydáno: |
Oxford :
Pergamon Press,
1977.
|
| LEADER | 00456nam a2200133Ia 4500 | ||
|---|---|---|---|
| 008 | 150624b xxu||||| |||| 00| 0 eng d | ||
| 082 | |a 628.1683 | ||
| 245 | |a Industrial waste water and wastes-2 / | ||
| 260 | |a Oxford : |b Pergamon Press, |c 1977. | ||
| 300 | |a 70 p. | ||
| 700 | |a Goransson, B. |e editor. | ||
| 942 | |c BK | ||
| 999 | |c 26258 |d 26258 | ||
| 952 | |0 0 |1 0 |4 0 |6 628_168300000000000_GOR_I |7 0 |9 26257 |a UL |b UL |c ST2 |d 1998-09-01 |l 0 |o 628.1683 GOR/I |p 37670 |r 2012-10-27 |w 2012-10-27 |y BK | ||